| 000 | 00548cab a2200205 4500 | ||
|---|---|---|---|
| 001 | WB2538-05 | ||
| 008 | 090401t1989 xxu||||| |||| 00| 0 eng d | ||
| 035 | _a(Sirsi) u52871 | ||
| 041 | _aeng | ||
| 245 | _aUrban lakes | ||
| 260 | _c1989 | ||
| 350 | _a0 | ||
| 490 |
_aEvening Standard _v26/9/89 p10 |
||
| 520 | _aScientists have launched an 18 month investigation into why so many London basements suddenly begin to leak. | ||
| 650 | _aCIRIA | ||
| 650 | _aWATER TABLE | ||
| 690 | _aBUILT ENVIRONMENT | ||
| 942 | _n0 | ||
| 948 | _c04/03/1997 | ||
| 999 |
_c32635 _d32635 |
||